000 00689nam a2200289Ia 4500
005 20260324142947.0
008 008 260324s9999 xx 000 0 eng d
020 _a9780429454493
037 _aEBOOK
040 _aCRL
040 _beng
040 _cCRL
041 _2eng
041 _aeng
084 _qCRL
100 _aDuncan Graham; David Tytler
_91213873
245 2 _aA Lesson For Us All
245 4 _bThe Making of the National Curriculum
260 _bTaylor and Francis
260 _c1993
365 _a
365 _b110
856 _uhttp://www.taylorfrancis.com/books/9780429454493
942 _cEBOOK
999 _c1818692
_d1818692